1112 1156 1292 1291 1756 1649 1062 1453 1413 1332 1312 1065 1666 1367 1419 1465 1902 1170 1754 1865 1864 1252 1682 1251 1128 1819 1722 1130 1690 1115 1071 1640 1201 1166 1272 1465 1545 1062 1422 1320 1898 1991 1023 1007 1619 1821 1704 1663 1271 1861 1862 1680 1043 1632 1056 1015 1091 1574 1127 1827 1705 1436 1108 1314 1930 1924 1501 1196 1346 1009 1781 1356 1031 1987 1511 1905 1461 1625 1441 1950 1115 1160 1476 1161 1185 1223 1196 1838 1509 1387 1637 1236 1634 1667 1801 1444 1488 1534 1963 BCNSPRNW ULIB Ver.6.0+V

เปลี่ยนเป็นภาษาไทย

Change to English
 แสดงรายละเอียดบรรณานุกรม
  กลับหน้าหลัก

Brief Record : Get Marc (ISO 2709) : E-mail record : QR code < ปิดหน้าต่าง
LEADER : 00000nam 2200000uu 4500
001    13399113626
003     ULIB
008    111207s2552||||th 000 0 tha d
020    ^a9786117081163
090    ^aนว.^bศ381ว 2552
100 0  ^aศิกานต์
245 00 ^aวิมานรักทะเลทราย/^cศิกานต์
250    ^aพิมพ์ครั้งที่ 1
260    ^aกรุงเทพฯ :^bสมาร์ทบุ๊ค,^c2552
300    ^a240 หน้า
710 1  ^aสมาร์ทบุ๊ค
945    ^p180^l0^i15783
995    ^aทศพร
999 ^a ทศพร
รายการนี้ยังไม่มีแท็ก
คุณยังไม่ได้ล็อกอิน คุณสามารถมีกิจกรรมร่วมกับเว็บไซต์ได้ แต่ต้องล็อกอินก่อน ::
  ล็อกอิน

รายการสื่อสารสนเทศ

ลำดับที่ ประเภท เลขเรียก/บาร์โค้ด สถานที่ สถานะ
1. นวนิยาย
นวนิยาย
นว. ศ381ว 2552 ฉ.1 
  Barcode: 15783
ห้องสมุดวิทยาเขตสวรรค์ประชารักษ์
►นวนิยาย
บนชั้น
  ขอยืม

รายการใกล้เคียง
    ผู้แต่ง [ศิกานต์]

BibComment


ยังไม่เคยถูกคอมเมนท์

คอมเมนท์ทรัพยากรรายการนี้
  คอมเมนท์: วิมานรักทะเลทราย..


 Copyright 2026. Bcnsprnw @Library